| 000 | 00550nam a2200205Ia 4500 | ||
|---|---|---|---|
| 003 | OSt | ||
| 005 | 20230607161632.0 | ||
| 008 | 210423s2004 xx 000 0 und d | ||
| 040 | _cAL | ||
| 041 | _aeng | ||
| 082 |
_a153.8 BRID _223 |
||
| 100 |
_aBRINKMAN (Rick);KIRSCHNER (Rick) _9121854 |
||
| 245 | _aDealing with difficult people | ||
| 260 |
_bTata McGraw-hill _c2004 |
||
| 365 |
_b125 _cINR |
||
| 650 |
_aMental Process & Intelligence _9121855 |
||
| 650 |
_aPsychology _9121856 |
||
| 906 | _aDealing ; difficult ; people | ||
| 942 |
_2ddc _cBK |
||
| 999 |
_c173885 _d173885 |
||